00522nam a2200169Ia 450000500170000000800410001708200130005824500470007126000540011830000130017265000100018565000110019570000270020694200060023395200980023999900150033720250303034012.0240331s9999 xx 000 0 und d bSOCa954 0aStudies in the social history of Sri Lanka aNarahenpitabSocial Scientist's Associationc1988 a149 p ., aCaste aSocial aLiyanagamage, A. eedt cL 001040708LaWERCLbWERCLcSSCd2024-03-31l0o 954.93 SOCp4119r2024-03-31w2024-03-31yL c3536d3536